Fr. Conceicao Rodrigues College of Engineering

Arco''''s Complete Wood Working Handbook (Record no. 29975)

MARC details
000 -LEADER
fixed length control field 00289nam a2200133Ia 4500
082 ## - DEWEY DECIMAL CLASSIFICATION NUMBER
Classification number 684
100 ## - MAIN ENTRY--PERSONAL NAME
Personal name Adams.J.T
245 ## - TITLE STATEMENT
Title Arco''''s Complete Wood Working Handbook
260 ## - PUBLICATION, DISTRIBUTION, ETC.
Name of publisher, distributor, etc. Arco Pub.
Place of publication, distribution, etc. New York
Date of publication, distribution, etc. 1981
300 ## - PHYSICAL DESCRIPTION
Extent 698
546 ## - LANGUAGE NOTE
Language note ENGLISH
654 ## - SUBJECT ADDED ENTRY--FACETED TOPICAL TERMS
Focus term Handbook
942 ## - ADDED ENTRY ELEMENTS (KOHA)
Koha item type BOOK
Holdings
Withdrawn status Lost status Damaged status Not for loan Collection Home library Current library Shelving location Date acquired Source of acquisition Cost, normal purchase price Total Checkouts Full call number Barcode Date last seen Cost, replacement price Price effective from Koha item type
        AFT Fr. Agnel's C.Rodrigues College of Engineering Fr. Agnel's C.Rodrigues College of Engineering   17/03/2023 UBS 223.45   684 AFT4318 17/03/2023 223.45 17/03/2023 BOOK